<?xml version="1.0" encoding="UTF-8"?>
<record
    xmlns:xsi="http://www.w3.org/2001/XMLSchema-instance"
    xsi:schemaLocation="http://www.loc.gov/MARC21/slim http://www.loc.gov/standards/marcxml/schema/MARC21slim.xsd"
    xmlns="http://www.loc.gov/MARC21/slim">

  <leader>01461    a2200241   4500</leader>
  <controlfield tag="001">106503</controlfield>
  <datafield tag="020" ind1=" " ind2=" ">
    <subfield code="a">9788574120980</subfield>
  </datafield>
  <datafield tag="041" ind1=" " ind2=" ">
    <subfield code="a">por</subfield>
  </datafield>
  <datafield tag="082" ind1=" " ind2=" ">
    <subfield code="a">028.5</subfield>
  </datafield>
  <datafield tag="100" ind1=" " ind2=" ">
    <subfield code="a">Wild, Margaret.</subfield>
  </datafield>
  <datafield tag="520" ind1=" " ind2=" ">
    <subfield code="a">Seu Tot&#xF3; n&#xE3;o &#xE9; um homem como outro qualquer, a come&#xE7;ar pelo seu nome: Tot&#xF3;!? E l&#xE1; isso &#xE9; nome de gente?! &#xC9; sim, &#xE9; o nome do Seu Tot&#xF3;, um verdadeiro apaixonado por cachorros, ou melhor, por cachorros daqueles bem pequenininhos. Ele &#xE9; o dono de dois deles: Bife e Bufe. N&#xE3;o h&#xE1; lugar para onde v&#xE1; que Seu Tot&#xF3; n&#xE3;o leve Bife e Bufe. Para conseguir transport&#xE1;-los, fa&#xE7;a sol ou fa&#xE7;a chuva, Seu Tot&#xF3; veste um casaco enorme, que tem dois bolsos enormes. Em cada bolso enorme, um dos cachorrinhos pequenininhos. &#xC9; assim, com um filhote em cada enorme bolso do enorme casaco, que Seu Tot&#xF3; sai a caminhar para todo lado. Mas, um dia, um acidente inesperado: um furo no bolso direito acaba virando um burac&#xE3;o e, por ele, Bife cai no ch&#xE3;o.</subfield>
  </datafield>
  <datafield tag="521" ind1=" " ind2=" ">
    <subfield code="a">IK</subfield>
  </datafield>
  <datafield tag="697" ind1=" " ind2=" ">
    <subfield code="a">Literatura infanto-juvenil</subfield>
  </datafield>
  <datafield tag="856" ind1=" " ind2=" ">
    <subfield code="u">00000f/00000f14.jpg</subfield>
  </datafield>
  <datafield tag="040" ind1=" " ind2=" ">
    <subfield code="a">BR-BrIDEA</subfield>
    <subfield code="c">BR-BrIDEA</subfield>
  </datafield>
  <datafield tag="090" ind1=" " ind2=" ">
    <subfield code="a">AP SK 028</subfield>
    <subfield code="b">WIL</subfield>
  </datafield>
  <datafield tag="240" ind1="1" ind2="0">
    <subfield code="a">The pocket dogs</subfield>
    <subfield code="l">Portugu&#xEA;s</subfield>
  </datafield>
  <datafield tag="245" ind1="1" ind2="0">
    <subfield code="a">Filhotes de bolso</subfield>
    <subfield code="c">Margaret Wild; ilustra&#xE7;&#xF5;es de Stephen Michael King; tradu&#xE7;&#xE3;o de Gilda de Aquino</subfield>
  </datafield>
  <datafield tag="260" ind1=" " ind2=" ">
    <subfield code="a">S&#xE3;o  Paulo</subfield>
    <subfield code="b">Brinque-Book</subfield>
    <subfield code="c">2002</subfield>
  </datafield>
  <datafield tag="300" ind1=" " ind2=" ">
    <subfield code="a">32 p.</subfield>
    <subfield code="b">il. color.</subfield>
  </datafield>
  <datafield tag="700" ind1=" " ind2=" ">
    <subfield code="a">King, Stephen Michael</subfield>
    <subfield code="d">1963</subfield>
    <subfield code="e">ilustrador</subfield>
    <subfield code="a">Aquino, Gilda de</subfield>
    <subfield code="e">tradutor</subfield>
  </datafield>
  <datafield tag="942" ind1=" " ind2=" ">
    <subfield code="c">BK</subfield>
  </datafield>
  <datafield tag="952" ind1=" " ind2=" ">
    <subfield code="0">0</subfield>
    <subfield code="1">0</subfield>
    <subfield code="2">ddc</subfield>
    <subfield code="4">0</subfield>
    <subfield code="7">0</subfield>
    <subfield code="a">12.28</subfield>
    <subfield code="b">12.28</subfield>
    <subfield code="d">2015-12-08</subfield>
    <subfield code="l">0</subfield>
    <subfield code="o">P SK 028 WIL</subfield>
    <subfield code="p">00017810SSW</subfield>
    <subfield code="r">2024-01-23 14:33:20</subfield>
    <subfield code="w">2024-01-23</subfield>
    <subfield code="y">BK</subfield>
  </datafield>
  <datafield tag="952" ind1=" " ind2=" ">
    <subfield code="0">0</subfield>
    <subfield code="1">0</subfield>
    <subfield code="2">ddc</subfield>
    <subfield code="4">0</subfield>
    <subfield code="7">0</subfield>
    <subfield code="a">12.27</subfield>
    <subfield code="b">12.27</subfield>
    <subfield code="d">2015-11-23</subfield>
    <subfield code="l">0</subfield>
    <subfield code="o">AP SK 028 WIL</subfield>
    <subfield code="p">00017552AGC</subfield>
    <subfield code="r">2024-01-23 14:33:20</subfield>
    <subfield code="w">2024-01-23</subfield>
    <subfield code="y">BK</subfield>
  </datafield>
  <datafield tag="952" ind1=" " ind2=" ">
    <subfield code="0">0</subfield>
    <subfield code="1">0</subfield>
    <subfield code="2">ddc</subfield>
    <subfield code="4">0</subfield>
    <subfield code="7">0</subfield>
    <subfield code="a">12.27</subfield>
    <subfield code="b">12.27</subfield>
    <subfield code="d">2016-06-21</subfield>
    <subfield code="l">2</subfield>
    <subfield code="o">AP SK 028 WIL</subfield>
    <subfield code="p">00024205AGC</subfield>
    <subfield code="r">2024-09-11 21:46:03</subfield>
    <subfield code="s">2024-09-10</subfield>
    <subfield code="w">2024-01-23</subfield>
    <subfield code="y">BK</subfield>
  </datafield>
  <datafield tag="952" ind1=" " ind2=" ">
    <subfield code="0">0</subfield>
    <subfield code="1">0</subfield>
    <subfield code="2">ddc</subfield>
    <subfield code="4">0</subfield>
    <subfield code="7">0</subfield>
    <subfield code="a">12.27</subfield>
    <subfield code="b">12.27</subfield>
    <subfield code="d">2017-12-14</subfield>
    <subfield code="l">0</subfield>
    <subfield code="o">AP SK 028 WIL</subfield>
    <subfield code="p">00031518AGC</subfield>
    <subfield code="r">2024-01-23 14:33:20</subfield>
    <subfield code="w">2024-01-23</subfield>
    <subfield code="y">BK</subfield>
  </datafield>
  <datafield tag="952" ind1=" " ind2=" ">
    <subfield code="0">0</subfield>
    <subfield code="1">0</subfield>
    <subfield code="2">ddc</subfield>
    <subfield code="4">0</subfield>
    <subfield code="7">0</subfield>
    <subfield code="a">12.28</subfield>
    <subfield code="b">12.28</subfield>
    <subfield code="d">2015-12-11</subfield>
    <subfield code="l">5</subfield>
    <subfield code="o">P SK 028 WIL</subfield>
    <subfield code="p">00019018SSW</subfield>
    <subfield code="r">2024-06-28 18:45:35</subfield>
    <subfield code="s">2024-06-14</subfield>
    <subfield code="w">2024-01-23</subfield>
    <subfield code="y">BK</subfield>
  </datafield>
  <datafield tag="952" ind1=" " ind2=" ">
    <subfield code="0">0</subfield>
    <subfield code="1">0</subfield>
    <subfield code="2">ddc</subfield>
    <subfield code="4">0</subfield>
    <subfield code="7">0</subfield>
    <subfield code="a">12.28</subfield>
    <subfield code="b">12.28</subfield>
    <subfield code="d">2015-12-08</subfield>
    <subfield code="l">0</subfield>
    <subfield code="o">P SK 028 WIL</subfield>
    <subfield code="p">00017811SSW</subfield>
    <subfield code="r">2024-01-23 14:33:20</subfield>
    <subfield code="w">2024-01-23</subfield>
    <subfield code="y">BK</subfield>
  </datafield>
  <datafield tag="952" ind1=" " ind2=" ">
    <subfield code="0">0</subfield>
    <subfield code="1">0</subfield>
    <subfield code="2">ddc</subfield>
    <subfield code="4">0</subfield>
    <subfield code="7">0</subfield>
    <subfield code="a">12.27</subfield>
    <subfield code="b">12.27</subfield>
    <subfield code="d">2015-01-16</subfield>
    <subfield code="l">0</subfield>
    <subfield code="o">AP SK 028 WIL</subfield>
    <subfield code="p">00013021AGC</subfield>
    <subfield code="r">2024-01-23 14:33:20</subfield>
    <subfield code="w">2024-01-23</subfield>
    <subfield code="y">BK</subfield>
  </datafield>
  <datafield tag="952" ind1=" " ind2=" ">
    <subfield code="0">0</subfield>
    <subfield code="1">0</subfield>
    <subfield code="2">ddc</subfield>
    <subfield code="4">0</subfield>
    <subfield code="7">0</subfield>
    <subfield code="a">12.28</subfield>
    <subfield code="b">12.28</subfield>
    <subfield code="d">2014-07-28</subfield>
    <subfield code="l">6</subfield>
    <subfield code="o">P SK 028 WIL</subfield>
    <subfield code="p">00009504SSW</subfield>
    <subfield code="r">2024-06-18 17:56:34</subfield>
    <subfield code="s">2024-05-13</subfield>
    <subfield code="w">2024-01-23</subfield>
    <subfield code="y">BK</subfield>
  </datafield>
  <datafield tag="952" ind1=" " ind2=" ">
    <subfield code="0">0</subfield>
    <subfield code="1">0</subfield>
    <subfield code="4">0</subfield>
    <subfield code="7">0</subfield>
    <subfield code="a">80.1</subfield>
    <subfield code="b">80.1</subfield>
    <subfield code="d">2024-02-09</subfield>
    <subfield code="l">0</subfield>
    <subfield code="o">WIL-F1</subfield>
    <subfield code="p">A02114</subfield>
    <subfield code="r">2024-02-09 21:20:04</subfield>
    <subfield code="w">2024-02-09</subfield>
    <subfield code="y">BK</subfield>
  </datafield>
  <datafield tag="952" ind1=" " ind2=" ">
    <subfield code="0">0</subfield>
    <subfield code="1">0</subfield>
    <subfield code="4">0</subfield>
    <subfield code="7">0</subfield>
    <subfield code="a">80.1</subfield>
    <subfield code="b">80.1</subfield>
    <subfield code="d">2024-02-09</subfield>
    <subfield code="l">0</subfield>
    <subfield code="o">WIL-F1</subfield>
    <subfield code="p">A02299</subfield>
    <subfield code="r">2024-02-09 21:20:04</subfield>
    <subfield code="w">2024-02-09</subfield>
    <subfield code="y">BK</subfield>
  </datafield>
  <datafield tag="999" ind1=" " ind2=" ">
    <subfield code="c">106503</subfield>
    <subfield code="d">106503</subfield>
  </datafield>
</record>
